| 000 | 00387nam a2200157Ia 4500 | ||
|---|---|---|---|
| 008 | 210210b1991 xxu||||| |||| 00| 0 eng d | ||
| 020 | _a0 19 562435 1 | ||
| 082 | _a425 SUBK | ||
| 100 | _aSUBRAHMANIAN (K). | ||
| 245 | _aKnow your english. Vol 1. | ||
| 260 |
_aMadras. _bOxford University Press., _c1991 |
||
| 300 | _a82 | ||
| 440 | _a1 | ||
| 690 | _aEnglish Grammar | ||
| 906 | _a046627 | ||
| 999 |
_c96099 _d96099 |
||